Código Orgánico de Tribunales: edición oficial, aprobada por decreto N§1068, de 27 de noviembre de 2001, del Ministerio de Justicia
Uloženo v:
| Médium: | Kniha |
|---|---|
| Jazyk: | španělština |
| Vydáno: |
Santiago
Jurídica de Chile
2002
|
| Vydání: | 18a. ed |
| Témata: | |
| Tagy: |
Přidat tag
Žádné tagy, Buďte první, kdo vytvoří štítek k tomuto záznamu!
|
MARC
| LEADER | 00000nam a2200000 a 4500 | ||
|---|---|---|---|
| 001 | UCM1456 | ||
| 003 | CL-VaPUC | ||
| 008 | 020404e20020200CL |||||||||||||||||spa|d | ||
| 082 | 0 | 4 | |a 347.8301 |b COD |2 21 |
| 245 | 1 | 0 | |a Código Orgánico de Tribunales: edición oficial, aprobada por decreto N§1068, de 27 de noviembre de 2001, del Ministerio de Justicia |
| 250 | |a 18a. ed | ||
| 300 | |a 520 p | ||
| 942 | |c BK | ||
| 945 | |d 20020404 00:00:00 |a vberengu | ||
| 260 | |a Santiago |b Jurídica de Chile |c 2002 | ||
| 500 | |a Apéndice actualizado a enero de 2002 | ||
| 650 | 7 | |a CORTE DE APELACIONES |2 CL-VaPUC |9 385526 | |
| 650 | 7 | |a CORTE SUPREMA CHILE |2 CL-VaPUC |9 453512 | |
| 650 | 7 | |a FUNCIONARIOS JUDICIALES |2 CL-VaPUC |9 382750 | |
| 650 | 0 | |a Jueces |9 256162 | |
| 650 | 0 | |a Poder judicial |9 254871 | |
| 651 | 7 | |a CHILE |2 CL-VaPUC |9 468416 | |
| 583 | |a last modification |c 20020404 00:00:00 |k Rodrigo Vera | ||
| 999 | |c 299913 |d 299911 | ||
| 952 | |0 0 |1 0 |2 ddc |4 0 |6 347_830100000000000_COD_2002 |7 0 |8 FOND_LRYV |9 356979 |a BIBDER |b BIBDER |d 2019-11-21 |i 3806200 |o 347.8301 COD 2002 |p 3806200 |r 2023-01-25 |w 2019-11-21 |y BK_X |k DER | ||
| 952 | |0 0 |1 0 |2 ddc |4 0 |6 347_830100000000000_COD_2002 |7 0 |8 FOND_LRYV |9 356983 |a BIBDER |b BIBDER |d 2019-11-21 |i 3891909 |o 347.8301 COD 2002 |p 3891909 |r 2023-01-25 |w 2019-11-21 |y BK_X |k DER | ||